Pays où Mon Amour de Slimane s'est classé - Statistiques

Statistiques générales
  • Ce quiz a été pris 74 fois
  • Le résultat moyen est 12 sur 19
Statistiques - réponses
Position dans les charts Pays % Correct
2 France
100%
97 Espagne
91%
3 Suisse
89%
27 Royaume Uni
86%
5 Belgique
84%
62 Portugal
75%
53 Pays Bas
72%
24 Suède
68%
75 Pologne
61%
45 Autriche
60%
1 Luxembourg
60%
37 Norvège
56%
6 Croatie
54%
47 Finlande
54%
1 Grèce
54%
76 Irlande
51%
10 Estonie
44%
8 Lituanie
40%
9 Lettonie
4%
Aucun quiz correspondant
Distribution des résultats
% des personnes avec chaque résultat
Percentile par nombre de réponses
Votre historique - résultats
Vous n’avez pas pris ce quiz